000 01498nam a2200301 a 4500
001 BRCA_2491
005 20190320203832.0
008 211108s1845----sp-a---###---#000-0#spa-u
041 _aspa
044 _asp
050 4 _a131
_b.P66 1845
100 1 _aCervantes Saavedra, Miguel de
_d1547-1616
_9213
245 1 0 _aEl Ingenioso Hidalgo Don Quijote de la Mancha
_ccompuesto por Miguel de Cervantes Saavedra.
260 _aBarcelona
_bSS. A. Pons
_c1845
300 _a3 v.
_bil.
_c13 cm.
500 _aContenido : v 1. Primera parte. Advertencia de los editores. Vida de Cervantes. Dedicatoria del autor. Prólogo del autor. Versos preliminares. Texto. -- v 2. Texto. Segunda parte. Dedicatoria del autor. Prólogo del autor. Texto. -- v 3. Texto
500 _aEdición : Nueva edición conforme a la corregida y anotada por Eugenio de Ochoa
500 _aVa adornada con láminas de la edición de 1797, reducidas y grabadas con esmero por Clavel y Chambarón. Bonita edición pulcramente impresa. Semipiel; lomeras decoradas con adornos dorados Lúdovik Osterc
500 _aQM111
650 1 4 _aNovela española
_yÉpoca clásica, 1500-1700
_9215
650 1 4 _aLiteratura española
_yÉpoca clásica, 1500-1700
_9216
650 1 4 _aNovela española
_ySiglo XVII
_9217
650 1 4 _aDon Quijote (Personaje ficticio)
_eNovela
_9218
700 1 _aOchoa y Montel, Eugenio
_d1815-1872
_eAnotador
_97184
740 0 _aEl Ingenioso Hidalgo Don Quijote de la Mancha
902 _aQFM
942 _2lcc
_cB
999 _c2232
_d2232